<?xml version="1.0" encoding="UTF-8"?>
<collection xmlns="http://www.loc.gov/MARC21/slim">
    <record>
        <controlfield tag="001">64874</controlfield>
        <controlfield tag="005">20180207125359.0</controlfield>
        <datafield tag="037" ind1=" " ind2=" ">
            <subfield code="a">TAZ-TFG-2017-4007</subfield>
        </datafield>
        <datafield tag="041" ind1=" " ind2=" ">
            <subfield code="a">spa</subfield>
        </datafield>
        <datafield tag="100" ind1="1" ind2=" ">
            <subfield code="a">Sebastián Traín, David</subfield>
        </datafield>
        <datafield tag="242" ind1="0" ind2="0">
            <subfield code="a">International Marketing Plan FORTEC Company. Product: Master's degree in international entrepreneurship</subfield>
        </datafield>
        <datafield tag="245" ind1="0" ind2="0">
            <subfield code="a">Plan de Marketing Internacional Empresa FORTEC. Producto:Máster en Emprendimiento Internacional</subfield>
        </datafield>
        <datafield tag="260" ind1=" " ind2=" ">
            <subfield code="a">Zaragoza</subfield>
            <subfield code="b">Universidad de Zaragoza</subfield>
            <subfield code="c">2017</subfield>
        </datafield>
        <datafield tag="506" ind1=" " ind2=" ">
            <subfield code="a">by-nc-sa</subfield>
            <subfield code="b">Creative Commons</subfield>
            <subfield code="c">3.0</subfield>
            <subfield code="u">http://creativecommons.org/licenses/by-nc-sa/3.0/</subfield>
        </datafield>
        <datafield tag="520" ind1=" " ind2=" ">
            <subfield code="a">El objetivo principal de este trabajo es realizar un plan estratégico de marketing internacional para uno de los servicios que  FORTEC oferta, se trata de un máster en Emprendimiento Internacional. En primer lugar a modo de introducción se explica que es una empresa de servicios y características de los servicios. En segundo lugar se exponen las razones que han motivado para dirigirse al mercado de Estados Unidos. Posteriormente se presenta un análisis interno para conocer un poco mejor a la empresa y los servicios que oferta. Mediante un análisis DAFO se obtiene un diagnóstico de las debilidades y fortalezas de la empresa de cara a su proyecto de internacionalización y poder corregir aquello que pueda suponer un obstáculo al desarrollo del proyecto, al tiempo que se recogen las oportunidades y amenazas que se encontrarán en el camino. A continuación se  recogen los distintos factores que se puede encontrar la empresa en el proceso de distribución del producto en Estados Unidos  y se determina la estrategia a seguir para el modo de entrada. Una vez que se ha indicado las características del tipo de entrada elegido se procede a la exploración del Marketing Mix llevado a cabo.   Por último, se termina el trabajo con una serie de conclusiones a las que se ha llegado tras el desarrollo de los distintos capítulos presentados en el trabajo.</subfield>
        </datafield>
        <datafield tag="521" ind1=" " ind2=" ">
            <subfield code="a">Graduado en Marketing e Investigación de Mercados</subfield>
        </datafield>
        <datafield tag="540" ind1=" " ind2=" ">
            <subfield code="a">Derechos regulados por licencia Creative Commons</subfield>
        </datafield>
        <datafield tag="700" ind1=" " ind2=" ">
            <subfield code="a">Delso Aranaz, María Dolores</subfield>
            <subfield code="e">dir.</subfield>
        </datafield>
        <datafield tag="710" ind1="2" ind2=" ">
            <subfield code="a">Universidad de Zaragoza</subfield>
            <subfield code="b">Dirección de Márketing e Investigación de Mercados</subfield>
            <subfield code="c"></subfield>
        </datafield>
        <datafield tag="856" ind1="0" ind2=" ">
            <subfield code="f">649402@celes.unizar.es</subfield>
        </datafield>
        <datafield tag="856" ind1="4" ind2=" ">
            <subfield code="s">1527396</subfield>
            <subfield code="u">http://zaguan.unizar.es/record/64874/files/TAZ-TFG-2017-4007.pdf</subfield>
            <subfield code="y">Memoria (spa)</subfield>
        </datafield>
        <datafield tag="856" ind1="4" ind2=" ">
            <subfield code="s">827335</subfield>
            <subfield code="u">http://zaguan.unizar.es/record/64874/files/TAZ-TFG-2017-4007_ANE.pdf</subfield>
            <subfield code="y">Anexos (spa)</subfield>
        </datafield>
        <datafield tag="909" ind1="C" ind2="O">
            <subfield code="o">oai:zaguan.unizar.es:64874</subfield>
            <subfield code="p">driver</subfield>
            <subfield code="p">trabajos-fin-grado</subfield>
        </datafield>
        <datafield tag="950" ind1=" " ind2=" ">
            <subfield code="a"></subfield>
        </datafield>
        <datafield tag="951" ind1=" " ind2=" ">
            <subfield code="a">deposita:2018-02-07</subfield>
        </datafield>
        <datafield tag="980" ind1=" " ind2=" ">
            <subfield code="a">TAZ</subfield>
            <subfield code="b">TFG</subfield>
            <subfield code="c">ECON</subfield>
        </datafield>
    </record>

    
</collection>